01053nam a2200241 i 4500001001000000003000900010005001700019007000300036008004100039020001800080040003000098041000700128082001800135111010500153245009900258264004700357300003600404336002700440337003300467338002800500500015900528505012400687000015838DO-SdBNP20250722135531.0ta250722s2018 dr 000 0 spa d a9789945910032 aDO-SdBNPbspacBNPHUerda asp 4axxxbS4712222 aSeminario sobre Situación del Suelo en el Municipio de Boca Chican(1 :cSanto Domingo :d 2018 ) 10aSituación del suelo en el municipio de Boca Chica /ccoordinador, Ricardo González Camacho aSanto Domingo :bCiudad Alternativa,c2018 a2 v. :bilustraciones ;c26 cm. ardacontentbtexto2txt ardamediabsin mediación2n ardacarrierbvolumen2nc aProyecto Concertación para la Acción : por un desarrollo inclusivo, sostenible y con participación popular. Con el financiamiento de Unión Europa. gv.1.tBoca Chica agenda de desarrollo local --gv.2.tDiagnóstico sobre conflictos socioterritoriales en Boca Chica .